| 000 | 00900nam a2200229Ia 4500 | ||
|---|---|---|---|
| 003 | GCL | ||
| 008 | 140319s9999 xx 000 0 ara d | ||
| 040 |
_aGCL / _cGCL |
||
| 082 | 0 | 4 |
_a332.642 _bو ن |
| 100 | 1 | _aواثق حمد ابوعمر | |
| 245 | 1 | 0 |
_aالنظرية المعاصرة لمحفظة الاوراق المالية والتداول فى البورصات العالمية : _bعولمة ام فوضى منظمة ؟ / _cواثق حمد ابوعمر |
| 250 | _aالاولى | ||
| 260 |
_aسوريا : _bدار الرضا للنشر ، _c2003 |
||
| 300 |
_a231 ص ؛ _c24 سم |
||
| 490 |
_aسلسلة الرضا للمعلومات _v0 |
||
| 650 | 0 | 4 | _aالاقتصاد الدولى |
| 650 | 0 | 4 | _aالاوراق المالية |
| 650 | 0 | 4 | _aالبورصات |
| 650 | 0 | 4 | _aالاستثمار المالى |
| 650 | 0 | 4 | _aالبورصات - تنظيم وادارة |
| 942 |
_2ddc _cBK |
||
| 999 |
_c9944 _d9944 |
||